Ancient peoples and places: Peru

Gorde:
Xehetasun bibliografikoak
Egile nagusia: Bushnell, G. H. S (Egilea)
Formatua: Liburua
Hizkuntza:ingelesa
Argitaratua: Nueva York Frederick A. Praeger 1963
Saila:Ancient peoples and places
Gaiak:
Etiketak: Etiketa erantsi
Etiketarik gabe, Izan zaitez lehena erregistro honi etiketa jartzen!

MARC

LEADER 00000nam a2200000 a 4500
001 UCY1585
003 CL-VaPUC
008 940908e19630000US |||||||||||||||||eng|d
082 0 4 |a 709.85  |b BUS  |2 21 
100 0 |a Bushnell, G. H. S  |e author  |9 329603 
245 1 0 |a Ancient peoples and places: Peru 
300 |a 151 p 
942 |c BK 
945 |d 19940908 00:00:00  |a oaravena 
260 |a Nueva York  |b Frederick A. Praeger  |c 1963 
650 0 |a Arte peruano  |9 329604 
650 7 |a INDIOS DEL PERU  |2 CL-VaPUC  |9 268436 
650 0 |a Arte  |9 265238 
583 |a last modification  |c 19940908 00:00:00  |k Rodrigo Vera 
490 0 |a Ancient peoples and places 
999 |c 230244  |d 230242 
952 |0 0  |1 0  |4 0  |6 709_850000000000000_BUS_1963  |7 0  |8 A  |9 232333  |a BIBARQ  |b BIBARQ  |d 2019-11-15  |i 3012646  |o 709.85 BUS 1963  |p 3012646  |r 2025-01-20  |w 2019-11-15  |y BK  |k ARQ